Biology: (Record no. 24087)

MARC details
000 -LEADER
fixed length control field 00717 a2200181 4500
008 - FIXED-LENGTH DATA ELEMENTS--GENERAL INFORMATION
fixed length control field 090219t xxu||||| |||| 00| 0 eng d
020 ## - INTERNATIONAL STANDARD BOOK NUMBER
Terms of availability 800.00
037 ## - SOURCE OF ACQUISITION
Source of stock number/acquisition UBH
082 ## - DEWEY DECIMAL CLASSIFICATION NUMBER
Classification number 570
245 ## - TITLE STATEMENT
Title Biology:
Remainder of title errorless objective practice book for AIPMT/AIIMS/AFMC & various medical entrance exams
250 ## - EDITION STATEMENT
Edition statement rev. ed.
260 ## - PUBLICATION, DISTRIBUTION, ETC. (IMPRINT)
Place of publication, distribution, etc Gwalior
Name of publisher, distributor, etc Universal Book Depot
Date of publication, distribution, etc 2009
270 ## - ADDRESS
Address Lohiya Bazar Corner,
City Gwalior (M.P.)
Telephone number (0) 0751-2371385, 4071115
Fax number 0751-4070395
Electronic mail address unibook@sancharnet.in
300 ## - PHYSICAL DESCRIPTION
Extent 1850p.
Dimensions 28 cm. (Pbk)
942 ## - ADDED ENTRY ELEMENTS (KOHA)
Institution code [OBSOLETE] dpl
Item type English Books
Source of classification or shelving scheme Dewey Decimal Classification
Classification part 570
Call number suffix BIO
Holdings
Withdrawn status Lost status Source of classification or shelving scheme Damaged status Not for loan Collection code Home library Current library Date acquired Cost, normal purchase price Total Checkouts Full call number Date last seen Cost, replacement price
    Dewey Decimal Classification   Ordered Non-fiction Andrews Gunj Andrews Gunj 19/02/2009 800.00   570 BIO 19/02/2009 800.00

© Delhi Public Library
Hit Counter
free hit counter